Представление документа в формате RUSMARC

ПолеНазваниеЗначение
  Тип записи a
  Библиографический уровень m
001 Контрольный номер 9ef6ff426f4e4b8795e03eccf99f97b4
005 Дата корректировки 20260602141241.5
010 Индекс ISBN __
a ISBN 978-5-91607-028-6
9 Тираж 1000 экз.
d Цена 100-00
100 Данные общей обработки __
a Данные общей обработки 20230215d2009 me y0rusy028902 ca
101 Язык документа 0_
a Язык текста rus
102 Страна публикации __
a Страна публикации RU
105 Кодированные данные (монография) __
a Кодированные данные (монография) ac z 000ay
181 Поле кодированных данных: вид содержания _0
a Код вида содержания (ISBD) i
182 Поле кодированных данных: тип средства _0
a Код типа средства (ISBD) n
200 Заглавие и сведения об ответственности 1_
a Заглавие Amor
e Сведения, относящиеся к заглавию роман
f Первые сведения об ответственности Анастасия Цветаева ; комментарий Ст. Айдиняна
203 Вид содержания и тип средства __
a Вид содержания Текст
c Тип средства непосредственный
210 Выходные данные 1_
a Место издания Елабуга
c Издательство Елабужский государственный историко-архитектурный и художественный музей-заповедник
d Дата издания 2009
215 Физическое описание __
a Объем 364 с., [3] л. ил.
d Формат 21 см
c Иллюстрации/тип воспроизводства портр., фот.
330 Аннотация __
a Аннотация Роман "Amor" - о судьбах людей, проведших многие годы в лагерях и ссылке, о том, что и в бесчеловечных условиях люди сохраняли чувство собственного достоинства, доброту.
517 Другие варианты заглавия 1_
a Другие варианты заглавия Амур
606 Тематические рубрики __
a Основная рубрика Художественная литература
2 Код системы nlr_sh
606 Тематические рубрики __
a Основная рубрика Русская литература XX в. (произведения)
2 Код системы nlr_sh
610 Ключевые слова 0_
a Ключевые слова романы
610 Ключевые слова 0_
a Ключевые слова автобиографическая литература
610 Ключевые слова 0_
a Ключевые слова тема лагерей
610 Ключевые слова 0_
a Ключевые слова тема заключенных
610 Ключевые слова 0_
a Ключевые слова политические заключенные
610 Ключевые слова 0_
a Ключевые слова ссыльные
610 Ключевые слова 0_
a Ключевые слова сила духа
610 Ключевые слова 0_
a Ключевые слова тема нравственности
686 Индексы других классификаций __
2 Код системы rubbks
a Классификационный индекс 84(2=411.2)6-4; ст84(2=411.2)6-4
700 Автор _1
a Фамилия Цветаева
b Имя А. И.
g Полное личное имя Анастасия Ивановна
f Даты 1894-1993
4 Код отношения 070
702 Вторичная интеллектуальная ответственность _1
a Фамилия Айдинян
b Имя С. А.
g Полное личное имя Станислав Артурович
4 Код отношения 212
f Даты 1958-
801 Источник записи _0
b Организация Муниципальное бюджетное учреждение культуры "Централизованная библиотечная система" г. Сургут (Центральная городская библиотека им. А. С. Пушкина)
a Страна RU
c Дата составления 20230215
g Правила каталогизации PSBO
801 Источник записи _1
b Организация Муниципальное бюджетное учреждение культуры "Централизованная библиотечная система" г. Сургут (Центральная городская библиотека им. А. С. Пушкина)
a Страна RU
c Дата составления 20230215
g Правила каталогизации PSBO
852 Данные о местонахождении 5_
j Шифр хранения 84(2=411.2)6-4
i Авторский знак Ц 27
900 Макрообъекты __
a Макрообъекты Amor. Цветаева А., 2009
901 Тип документа __
a Ответственный КиК/Котельникова
t Тип документа m
903 Характеристики (МАРС) __
a Дата передачи 20230215
c Наименование библиотеки (МАРС) Муниципальное бюджетное учреждение культуры "Централизованная библиотечная система" г. Сургут (Центральная городская библиотека им. А. С. Пушкина)
990 Данные о заказе (DOS) __
j Количество экземпляров (DOS) 1
t N записи в КСУ для И/У (DOS) 202306
996 Контроль за деятельностью лиц, находящихся под иностранным влиянием __
b Текстовое указание Содержит информацию о наркотических или психотропных веществах, употребление которых опасно для здоровья. Их незаконный оборот влечет уголовную ответственность (18+)